| 000 | 01340nam a2200145Ia 4500 | ||
|---|---|---|---|
| 005 | 20260209120133.0 | ||
| 008 | 260209s9999||||xx |||||||||||||| ||und|| | ||
| 100 | _aSatyanand Khillare | ||
| 245 | 0 | _aImplementation of refugee health policy in India : a study | |
| 260 |
_aBangaloreBangalore _bNLSIU _c2014 |
||
| 300 | _a69 p. ; 25 cm. | ||
| 505 | _aTABLE OF CONTENTS Certificate Declaration; Acknowledgment ; CHAPTE R -I INTRODUCTION; CHAPTER-II The Legal Framework of The International Refugee Protection System; 1.1 International laws and standard; 1.2 Refugees Arriving In Large Numbers; CHAPTER-III Rights of Refugee; 3.1 1951 Convention; 3.2 International Human rights Convention; CHAPTER-IV Role of UNHCR relating to Refugee's Health; 4.1 UNHCR & Refugee Convention; 4.2 Health Guidelines; CHAPTER-V Refugee health in Emergency situation; 5.1 Priorities in emergency phase; CHAPTER-VI Refugee in India; 6.1 Tibetan refugee in India; 6.2 Status of Tibetan Refugee in India ; 6.3 Health services ; 6.4Tibetan Medicare system ; 6.5 General medical infrastructure ; CHAPTER-VII BARRIERS & CONCLUSION 7.1 Barriers in implementation of refugee health policy ; 7.2 Conclusion ; Bibliography. | ||
| 700 | _aProf. (Dr.) V Vijayakumar - GuideProf. (Dr.) V Vijayakumar - Guide | ||
| 856 | _uhttps://dans.nls.ac.in/handle/123456789/1753 | ||
| 999 |
_c217138 _d217138 |
||